State sovereignty and intervention a discourse analysis of interventionary and non-interventionary practices in Kosovo and Algeria
Saved in:
| Main Author: | |
|---|---|
| Format: | Book |
| Published: |
New York
Routledge
2006
|
| Subjects: | |
| Tags: |
Add Tag
No Tags, Be the first to tag this record!
|
| Call Number : | JZ4034 .M35 2006 |
MARC
| LEADER | 00000pam a2200000 4500 | ||
|---|---|---|---|
| 001 | 22553 | ||
| 003 | MY-KLNDU | ||
| 005 | 20241218081002.0 | ||
| 020 | 0 | 0 | |a 9780415393140 (hbk) |
| 020 | 0 | 0 | |a 0415393140 (hbk) |
| 020 | 0 | 0 | |a 9780203969458 (ebk) |
| 020 | 0 | 0 | |a 0203969458 (ebk) |
| 035 | |a 0000033469 | ||
| 039 | 9 | |a 200911181330 |b VLOAD |c 200911181141 |d VLOAD |y 200910091716 |z VLOAD | |
| 090 | 0 | 0 | |a JZ4034 |b .M35 2006 |
| 100 | 1 | 0 | |a Malmvig |h Helle |
| 245 | 1 | 0 | |a State sovereignty and intervention |b a discourse analysis of interventionary and non-interventionary practices in Kosovo and Algeria |c Helle Malmvig |
| 260 | 0 | 0 | |a New York |b Routledge |c 2006 |
| 300 | |a xxiv,199p. |c 24cm. | ||
| 504 | 0 | 0 | |a Includes bibliographical references and index |
| 591 | |a 0000004215 |b 12/09/08 |c 0200-07 |d 1 |e RM423 |f 1 |g 423 |h Pustaka Darul Warisan Sdn. Bhd. | ||
| 592 | |a 00002162 |b 04/12/08 |c RM394.73 |d 1 |e 394.73 | ||
| 650 | 0 | 0 | |a Sovereignty |x case studies. |
| 650 | 0 | 0 | |a Intervention (International law) |x Case studies. |
| 651 | 0 | 0 | |a Kosovo (Serbia) |x History |y 1980- |
| 651 | 0 | 0 | |a Kosovo (Serbia) |x Politics and government |y 1980- |
| 651 | 0 | 0 | |a Algeria |x History |y 1990- |
| 651 | 0 | 0 | |a Algeria |x Politics and government |y 1990- |
| 999 | |a vtls000032046 |c 22553 |d 22553 | ||


